000
00296nam a22001337a 4500
008
171019b xxu||||| |||| 00| 0 eng d
020
_a
0131972863
041
_a
eng
080
_a
338
100
_a
53
101
_a
MEN
245
_a
DECISION SUPPORT SYSTEMS
_c
SPRAGUE.R.H
942
_2
udc
_c
BK
999
_c
34950
_d
34950